| 000 | 00523nam a22001577a 4500 | ||
|---|---|---|---|
| 999 |
_c535247 _d535247 |
||
| 020 | _qHard Cover. | ||
| 082 | _a307.1 | ||
| 100 | _aHussain, Shareef | ||
| 245 |
_aDevelopment of integrated urban resilience framework for Punjab, Pakistan / _cShareef Hussain. |
||
| 260 |
_aIslamabad: _bSCEE NUST, _c2017. |
||
| 300 |
_a122 p. : _bill. ; _c30cm. |
||
| 942 |
_2ddc _cTHE |
||
| 650 |
_aUrban and Regional Planning MS-Thesis. _916266 |
||
| 700 |
_aDr. Abdul Waheed _916525 |
||